00217nam a2200097Ia 4500008004100000100002000041245002600061260001100087260000900098546001200107170619s9999 xx 000 0 und d aNagsarkar- T.K. 0aPower System Analysis bOxford c2012 aENGLISH